000 00804nam a22002177a 4500
999 _c11967
_d11967
003 AR-CdUCM
008 190401b ||||| |||| 00| 0 spa d
040 _aMUNICIPALIDAD PROVINCIAL DEL CUSCO
_cBIBLIOTECA MUNICIPAL DEL CUSCO
082 _aES / 373.700 /
_bH81
100 _aHoyos Peña, Julio
_926736
245 _aEducación Artística 5 /
260 _aLima :
_bUniverso.
300 _a164 páginas ;
_bimágenes.
_c27cm.
500 _aEducación secundaria 5to
505 _aContenido: Comprensión del fenómeno artístico -- La pintura -- Arte impresionista -- Los divisionistas neoimpresionistas -- Artistas independientes del siglo XX...
650 _aArte.
_9561
650 _aArtes plásticas.
_927656
650 _aEducación
_9460
942 _2ddc
_cLIBROS
945 _anom
_d2019-04-05